Phản ứng điện hoá và ứng dụng

Cơ sở nhiệt động lực của hệ oxi hoá - khử điện hoá, động học các phản ứng điện hoá. Một số lĩnh vực ứng dụng của động học điện hoá

Enregistré dans:
Détails bibliographiques
Auteur principal: Trần Hiệp Hải
Format: Livre
Langue:Vietnamese
Publié: H. Giáo dục 2002
Sujets:
Tags: Ajouter un tag
Pas de tags, Soyez le premier à ajouter un tag!
Thư viện lưu trữ: Mạng thư viện Đại học Đà Nẵng
LEADER 01427nam a22003858a 4500
001 000008406
003 4594
005 20111017141002.0
008 111017s2002 b 000 0 vieod
020 |c 19800đ  |d 2500b 
041 0 |a vie 
080 |a 541.7(075.3) 
082 |a 541.37  |b TR-H 
084 |a D57z73  |b PH000ả 
100 1 |a Trần Hiệp Hải 
245 1 0 |a Phản ứng điện hoá và ứng dụng  |c Trần Hiệp Hải 
260 |a H.  |b Giáo dục  |c 2002 
300 |a 184tr : hình vẽ, bảng  |c 27cm 
500 |a Thư mục: tr. 169. - Phụ lục: tr. 170-181 
520 |a Cơ sở nhiệt động lực của hệ oxi hoá - khử điện hoá, động học các phản ứng điện hoá. Một số lĩnh vực ứng dụng của động học điện hoá 
653 |a Điện hoá học 
653 |a ứng dụng 
653 |a Điện động học 
653 |a Giáo trình 
910 |a Nguyễn Thị Kim oanh  |d 17/10/2011 
OWN |a LSP 
AVA |a UDN50  |b LSP  |d 541.37 TR-H  |e unavailable  |t Error 5002 Not defined in file expand_doc_bib_avail.  |f 2  |g 2  |h N  |i 0  |k 1 
999 |a From the UDN01 
AVA |a UDN50  |b LSP  |d 541.37 TR-H  |e unavailable  |t Error 5002 Not defined in file expand_doc_bib_avail.  |f 2  |g 2  |h N  |i 0  |k 1 
TYP |a Monograph 
TYP |a Printed language 
980 |a Mạng thư viện Đại học Đà Nẵng